Gaming Quiz

Random Gaming or Video Games Quiz
Score 0/17 Timer 03:00
1 Play Today
Fruit % Correct
Plain Banana
86.4%
Watermelon
86.3%
Orange
80.5%
Green Apple
77.7%
Red Apple
76.3%
Strawberry
72%
Kiwi
61.1%
Lemon
59.8%
Pineapple
59%
Fruit % Correct
Pear
55.7%
Lime
54.1%
Peach
49.7%
Mango
43.9%
Coconut
42.9%
Cherry
39.9%
Plum
34.6%
Passionfruit
21.4%
Remove Ads.
Support Sporcle.
Get the best of Sporcle when you Go Orange. This ad-free experience offers more features, more stats, and more fun while also helping to support Sporcle. Thank you for becoming a member.

You're not logged in!

Compare scores with friends on all Sporcle quizzes.
OR
Log In

Show Comments

Extras

Top Quizzes Today


Score Distribution

Your Account Isn't Verified!

In order to create a playlist on Sporcle, you need to verify the email address you used during registration. Go to your Sporcle Settings to finish the process.

Report this User

Report this user for behavior that violates our Community Guidelines.

Details: